FC Porto Current Squad - Statistics

General Stats
  • This quiz has been taken 356 times
    167 since last reset
  • The average score is 15 of 31
Answer Stats
# Player % Correct
3 Pepe
92%
11 Pepê
92%
99 Diogo Costa
89%
9 Mehdi Taremi
77%
Head Coach Sérgio Conceição
72%
25 Otávio
68%
13 Galeno
67%
30 Evanilson
66%
5 Iván Marcano
61%
17 Rodrigo Conceição
61%
2 Fábio Cardoso
57%
46 Stephen Eustáquio
57%
12 Zaidu Sanusi
57%
23 João Mário
56%
22 Wendell
54%
29 Toni Martínez
48%
70 Gonçalo Borges
47%
14 Cláudio Ramos
46%
4 David Carmo
46%
16 Marko Grujić
46%
94 Samuel Portugal
41%
7 Gabriel Veron
34%
87 Bernardo Folha
33%
20 André Franco
32%
19 Danny Loader
30%
18 Wilson Manafá
28%
21 Romário Baró
22%
71 Francisco Meixedo
20%
6 Mamadou Loum
11%
31 Nanu
9%
15 Carraça
8%
No matching quizzes found
Score Distribution
Percent of People with Each Score
Percentile by Number Answered
Your Score History
You have not taken this quiz since the last reset